Využitie frameworkov Apache Kafka pre detekciu sieťových incidentov

Salvato in:
Dettagli Bibliografici
Autore principale: Šíp, Jakub (Autore)
Altri autori: Balogh, Štefan (Relatore della tesi)
Natura: Manoscritto Libro
Lingua:slovacco
Pubblicazione: Bratislava : STU v Bratislave FEI, 2022
Soggetti:
Accesso online:https://opac.crzp.sk/?fn=detailBiblioFormChildIFO71&sid=7E432E204D1F6C329C58833802D8&seo=CRZP-detail-kniha
Tags: Aggiungi Tag
Nessun Tag, puoi essere il primo ad aggiungerne!!

MARC

LEADER 00000ntm a22000003a 4500
001 stuzp88698
003 SK-STU
005 20230213105201.1
007 ta
008 150427s2015----xo-----f-mn---000-0-slo-d
040 |a STU  |b slo 
041 0 |a slo 
044 |a xo 
100 1 |a Šíp, Jakub  |u 035000  |4 aut  |U FEI Fakulta elektrotechniky a informatiky  |T FEI Ústav informatiky a matematiky  |X 91419  |U E050  |Y 816  |7 91419 
242 0 1 |a Use of Apache Kafka for network security incident detection  |y eng 
245 1 0 |a Využitie frameworkov Apache Kafka pre detekciu sieťových incidentov 
260 |a Bratislava :  |b STU v Bratislave FEI,  |c 2022 
300 |a 64 s., príl. 
650 4 |a sieťové hrozby  |2 slo 
650 4 |a ipfix  |2 slo 
650 4 |a ddos  |2 slo 
650 4 |a detekcia zraniteľností  |2 slo 
650 4 |a network threats  |2 eng 
650 4 |a ipfix  |2 eng 
650 4 |a ddos  |2 eng 
650 4 |a vulnerability detection  |2 eng 
700 1 |a Balogh, Štefan  |u 035000  |k Z1  |4 ths  |U FEI Fakulta elektrotechniky a informatiky  |T FEI Ústav informatiky a matematiky  |X 30190  |U E050  |Y 816  |7 A000030190 
856 4 |u https://opac.crzp.sk/?fn=detailBiblioFormChildIFO71&sid=7E432E204D1F6C329C58833802D8&seo=CRZP-detail-kniha